AN INTRODUCTION TO SERVOMECHANISMS (Record no. 567555)
[ view plain ]
| 000 -LEADER | |
|---|---|
| fixed length control field | 00266nam a22001097a 4500 |
| 082 ## - DEWEY DECIMAL CLASSIFICATION NUMBER | |
| Classification number | 629.8323 WES'I |
| 100 ## - MAIN ENTRY--PERSONAL NAME | |
| Personal name | WESTWATER, F. L,WADDELL, W. A |
| 9 (RLIN) | 57260 |
| 245 ## - TITLE STATEMENT | |
| Title | AN INTRODUCTION TO SERVOMECHANISMS |
| 260 ## - PUBLICATION, DISTRIBUTION, ETC. | |
| Place of publication, distribution, etc. | LONDON |
| Name of publisher, distributor, etc. | EUP |
| Date of publication, distribution, etc. | 1961 |
| 300 ## - PHYSICAL DESCRIPTION | |
| Extent | 191P |
| 942 ## - ADDED ENTRY ELEMENTS (KOHA) | |
| Koha item type | Book |
| Withdrawn status | Lost status | Damaged status | Not for loan | Permanent Location | Current Location | Shelving location | Date acquired | Total Checkouts | Full call number | Barcode | Date last seen | Price effective from | Koha item type |
|---|---|---|---|---|---|---|---|---|---|---|---|---|---|
| College of Electrical & Mechanical Engineering (CEME) | College of Electrical & Mechanical Engineering (CEME) | General Stacks | 07/12/2017 | 629.8323 WES'I | CEME-4257 | 06/28/2021 | 06/28/2021 | Book |
